00000000nam 2200000zi 4500
0019.946606
003CaOODSP
00520250109074735
006m     o  d f      
007cr mn|||||||||
008250108t19731977onc     o    f000 0 eng d
020 |a0662008995 |q(bilingual ; |qprint)
040 |aCaOODSP|beng|erda|cCaOODSP
0410 |aeng|afre
043 |an-cn---
0861 |aC2-54/1977-PDF|zC2-54/1977
24500|aGrains and Oilseeds Marketing Incentives Program, GOMI = |bProgramme stimulant la commercialisation des céréales et oléagineux, GOMI.
24611|aProgramme stimulant la commercialisation des céréales et oléagineux, GOMI
264 1|aOttawa, Canada : |bDepartment of Industry, Trade and Commerce = Ministère de l'industrie et du commerce, |c1973.
264 4|c©1977
300 |a1 online resource (22 pages)
336 |atext|btxt|2rdacontent
337 |acomputer|bc|2rdamedia
338 |aonline resource|bcr|2rdacarrier
500 |a"Information Canada, Ottawa, 1973"--Back cover.
500 |aDigitized edition from print [produced by Innovation, Science and Economic Development Canada].
546 |aText in English and French.
650 0|aGrain|zCanada|xMarketing|xFinance.
650 0|aOilseeds|zCanada|xMarketing|xFinance.
650 0|aGrain trade|xGovernment policy|zCanada.
650 0|aOil industries|xGovernment policy|zCanada.
7101 |aCanada. |bDepartment of Industry, Trade and Commerce, |eissuing body.
788 |tGrains and Oilseeds Marketing Incentives Program, GOMI = |efre|w(CaOODSP)9.946607
85640|qPDF|s865 KB|uhttps://publications.gc.ca/collections/collection_2025/isde-ised/c2/C2-54-1977.pdf